000 00785cam a2200241 a 4500
999 _c529258
_d529258
003 Nust
005 20190923151431.0
008 170216b xxu||||| |||| 00| 0 eng d
020 _a0136371418
038 _aMSOHAIL
040 _cNust-NIT (SCEE)
082 0 0 _a627.042
_bCHA
100 1 _aChaudhry, M. Hanif.
_94697
245 1 0 _aOpen-channel flow /
_c- 2nd edition.
250 _a2nd
260 _aEnglewood Cliffs, N.J. :
_bPrentice-Hall,
_c1993.
300 _axii, 483 p. :
_bill. ;
_c24 cm. +
_e1 computer disk (5 1/4 in.)
500 _aSystem requirements for computer disk: IBM PCs and compatibles; 640K (minimum); MS-DOS; FORTRAN compiler.
650 0 _aChannels (Hydraulic engineering)
_9561
650 0 _aHydrodynamics.
_94698
650 0 _aMCE
_9379
942 _cBK
_2ddc